000 00297nam a22001337a 4500
008 170411b xxu||||| |||| 00| 0 eng d
020 _a2900763735554
041 _aeng
080 _22ND
_a612.39
100 _a10
101 _aSHM
245 _aDISCOVERING NUTRITION
_cINSEL, P
942 _2udc
_cBK
999 _c10446
_d10446